[Event "KAZ-ch Men 2017"]
[Site "Almaty"]
[Date "2017.04.13"]
[Round "3"]
[White "Makhnyov, Denis"]
[Black "Kostenko, Petr"]
[Result "0-1"]
[WhiteElo "2379"]
[BlackElo "2440"]
[Annotator "TA"]
[PlyCount "74"]
[EventDate "2017.??.??"]
[EventType "tourn"]
[EventCountry "KAZ"]
[SourceTitle "playchess.com"]
[Source "ChessBase"]
[SourceQuality "1"]

{[%evp 12,74,24,24,42,39,47,33,41,44,47,34,55,71,56,-29,-32,-42,-15,-37,67,50,77,82,58,0,14,-73,43,36,23,0,-4,-4,-17,0,10,10,10,11,14,16,45,0,-1,-18,-18,-18,-16,-39,-43,-399,-380,-389,-389,-971,-947,-1278,-776,-766,-518,-502,-487,-2012,-1745]} 1. d4 d5 2. Nf3 e6 3. g3 c6 4. Bg2 {[%cal Bf1g2,Bg2c6,Bc6b5][%mdl 32]} Nd7 5. O-O Ngf6 6. c4 dxc4 7. a4 b6 {E04: Open Catalan: 5 Nf3} (7... a5 8. Qc2 b5 9. axb5 cxb5 10. Ne5 Nd5 11. Nc3 Nxe5 12. dxe5 Nb4 13. Qe4 Rb8 14. Rd1 Qc7 15. Bg5 Bd7 {1-0 (26) Perez Ponsa,F (2586)-Flores,D (2590) Villa Martelli 2016}) 8. Nfd2 Ba6 9. Bxc6 Rc8 {White is slightly better.} 10. Bb5 Bb7 $1 11. Nc3 h5 $146 (11... Be7 12. Bxc4 Nb8 13. e3 Nc6 14. Be2 Na5 15. Bb5+ {½-½ (24) Danashevsky,V-Mamutov,S (2150) ICCF email 2011}) 12. e4 h4 13. Re1 ({White should play} 13. g4 $14) 13... hxg3 $11 14. hxg3 Bb4 15. Bxc4 Qe7 (15... Kf8 $15) 16. Bf1 $14 Qf8 {With the idea ...Qg8.} 17. Bg2 Qg8 {White should prevent ...Qh7.} 18. Qe2 Qh7 (18... Bxc3 $6 19. bxc3 Qh7 20. Ba3 $16 (20. Kf1 Rxc3 21. a5 O-O $14)) 19. d5 {[#]} (19. a5 $11) 19... Kf8 (19... Nc5 $1 $17 20. Qb5+ Nfd7 21. dxe6 (21. Qxb4 $2 Nd3 22. dxe6 Nxb4 $19) 21... fxe6) 20. Nf3 (20. Kf1 Nc5 21. dxe6 fxe6 $17) 20... exd5 21. e5 Ne4 22. Qb5 $132 {[%mdl 2048] White puts up resistance (2)} Bxc3 23. bxc3 Ndc5 24. Ba3 Kg8 {White must now prevent ...Ba6.} 25. Bxc5 Nxc5 26. a5 Ba6 27. Qb1 Bd3 28. Qb4 b5 29. Nh4 Bc4 30. Rad1 g5 31. Rxd5 $2 {[%mdl 8192] [#]} (31. Nf3 $1 $15) 31... Ne6 $1 $19 ({Worse is} 31... gxh4 32. Rxc5 Rxc5 33. Qxc5 hxg3 34. fxg3 $14) ({Weaker is} 31... Bxd5 32. Bxd5 Qh5 33. Bf3 $15) 32. Rd7 gxh4 33. Re4 $2 (33. Qb1) 33... hxg3 {( -> ...Qh2#). Black is clearly winning.} 34. fxg3 Qg6 35. Qe7 Rf8 36. Qf6 {If White can now play Qxg6+ this consolidates a bit.} Qxg3 {And now ...Ng5 would win.} 37. a6 (37. Qf3 $142 Qh2+ 38. Kf2) 37... Ng5 0-1

[Event "KAZ-ch Men 2017"]
[Site "Almaty"]
[Date "2017.04.14"]
[Round "4"]
[White "Jumabayev, Rinat"]
[Black "Saiyn, Zhanat"]
[Result "1-0"]
[WhiteElo "2614"]
[BlackElo "2395"]
[Annotator "TA"]
[PlyCount "79"]
[EventDate "2017.??.??"]
[EventType "tourn"]
[EventCountry "KAZ"]
[SourceTitle "playchess.com"]
[Source "ChessBase"]
[SourceQuality "1"]

{[%evp 8,79,21,7,55,61,51,38,38,22,29,29,41,41,36,11,11,20,18,28,43,35,36,25,81,83,68,68,60,87,67,0,54,0,15,16,-38,-91,79,-127,-127,-133,-137,-127,-119,-124,-75,-73,122,1,716,717,712,709,696,701,616,580,588,584,585,578,542,482,473,482,1014,1014,1005,988,981,878,29996,29997]} 1. e4 c6 2. Nf3 d5 3. Nc3 Nf6 4. e5 Ne4 5. Ne2 {LiveBook: 121 Games} e6 {B11: Caro-Kann: Two Knights Variation} (5... Qb6 $5 {creates asymmetry.} 6. d4 e6 7. Nfg1 f6 8. f3 Ng5) (5... Qb6 6. d4 e6 7. Ng3 c5 8. Bd3 Nc6 9. Nxe4 dxe4 10. Bxe4 cxd4 11. O-O Bd7 12. a3 h6 13. Re1 {1-0 (71) Short,N (2675)-Caruana,F (2827) Caleta 2017}) 6. d3 Nc5 7. Ng3 Ncd7 {White is slightly better.} 8. d4 c5 9. c3 Nc6 10. a3 c4 $146 (10... Be7 11. Bd3 Qb6 12. Bc2 cxd4 13. cxd4 {0-1 (32) Gelemerov,I (2367)-Ciaxz,R ICCF email 2002}) 11. b3 b5 12. Be2 Na5 13. Nd2 cxb3 14. Nxb3 Nc4 15. O-O Bb7 (15... a5 $11 {keeps the balance.}) 16. f4 $1 $16 g6 17. f5 exf5 (17... gxf5 18. Nxf5 exf5 19. e6 $15) 18. Nxf5 gxf5 19. e6 (19. Bh5 $1 $14) 19... fxe6 (19... Nf6 $1 $11 20. exf7+ Kxf7) 20. Bh5+ Ke7 {Hoping for ...Qb6.} 21. Bg5+ Nf6 {...Rg8 is the strong threat.} 22. Nc5 ({White should play} 22. Qf3 $1 $15 Rg8 23. Bh4) 22... Rg8 $2 {[#]} (22... Bc8 $1 $17 23. Qf3 Rg8) 23. Qe2 $2 (23. Qg4 $1 $16 {[%mdl 512] is forced if you want to stay better.} Bh6 (23... fxg4 24. Bxf6+) 24. Qe2) 23... Bc8 $1 $17 24. Rxf5 Rxg5 $1 25. Rxg5 Bh6 26. Rg3 Qd6 (26... Nxh5 $2 27. Qxh5 Qf8 28. Rf1 Be3+ 29. Rxe3 $1 {[%mdl 512]} Qxf1+ 30. Kxf1 $18) 27. Rf1 {Strongly threatening Rxf6!} Nd2 $2 {[#]} (27... e5 $17 {and life is bright. Threatens to win with ...Kd8.} 28. Rgf3 (28. Qf2 $2 e4 29. Bd1 Nd2 $19) 28... Bg5) 28. Rf2 $40 {[%mdl 128] White has some attack.} ({Don't play} 28. Rxf6 $6 Kxf6 29. Rd3 Kg7 30. Rxd2 Bxd2 31. Qxd2 Qe7 $15) (28. Rf5 $1 $16) 28... Nde4 $2 {[%mdl 8192]} (28... Bd7 $11) 29. Nxe4 $18 dxe4 {[#]} 30. Rxf6 $1 {[%mdl 512]} Kxf6 31. Qxe4 Qd5 32. Rf3+ Ke7 33. Qxh7+ Kd6 34. Qxh6 {aiming for Rf7.} Bb7 35. Qf4+ Kc6 36. Re3 Qxh5 (36... Kb6 $142 37. Bf3 Qd7 38. Bxb7 Kxb7) 37. Rxe6+ Kd7 38. Qd6+ Kc8 39. Rf6 {Rf8+ would kill now.} Bd5 40. Qf8+ 1-0

[Event "KAZ-ch Men 2017"]
[Site "Almaty"]
[Date "2017.04.14"]
[Round "4"]
[White "Saduakassova, Dinara"]
[Black "Kazhgaleyev, Murtas"]
[Result "1-0"]
[WhiteElo "2449"]
[BlackElo "2594"]
[Annotator "TA"]
[PlyCount "68"]
[EventDate "2017.??.??"]
[EventType "tourn"]
[EventCountry "KAZ"]
[SourceTitle "playchess.com"]
[Source "ChessBase"]
[SourceQuality "1"]

{[%evp 15,68,-3,-10,-27,-17,-28,-9,-39,-15,-14,-15,-15,-15,-7,-8,-20,-13,-26,-16,-12,-12,-22,-22,-16,0,-2,0,-104,-104,-116,-116,-125,0,-116,-55,-77,-79,-88,-26,-53,296,299,300,296,368,318,311,238,391,357,418,413,582,580,574]} 1. d4 Nf6 2. c4 b6 3. Nc3 Bb7 4. Nf3 e6 5. a3 g6 6. g3 Bg7 {E12: Queen's Indian: Unusual White 4th moves, 4 a3, 4 Nc3 Bb7 5 a3 and 4 Nc3 Bb7} 7. Bg2 O-O 8. O-O Ne4 {LiveBook: 7 Games. The position is equal.} 9. Qc2 $146 (9. Bd2 Nxd2 10. Qxd2 d6 11. d5 e5 12. e4 f5 13. Ng5 Bh6 14. h4 {0-1 (43) Wang,Y (2736)-Tomashevsky,E (2689) Sochi 2009}) 9... Nxc3 10. Qxc3 c5 11. Qd3 d5 12. Bg5 dxc4 13. Qxc4 Qd5 14. Qxd5 Bxd5 15. Rfd1 Nd7 16. Be3 Rac8 17. dxc5 bxc5 {[%cal Bb6c5,Bc5c4,Bc4b3][%mdl 32]} 18. Rab1 Nb6 19. b3 Be4 $36 {[%mdl 2048] Black fights for an advantage.} 20. Rbc1 c4 21. Bxb6 (21. Nd4 $11 Bxg2 22. Kxg2) 21... cxb3 $17 (21... axb6 $6 22. Rxc4 Rxc4 23. bxc4 $11) 22. Rxc8 ({Don't capture} 22. Bxa7 $2 b2 23. Rxc8 Rxc8 $19) 22... Rxc8 23. Ba5 ({Don't take} 23. Bxa7 $2 b2 24. Be3 (24. Nd2 $2 Rc1 25. Bxe4 Rxd1+ 26. Nf1 f5 $19) 24... b1=Q 25. Rxb1 Bxb1 $19) 23... Bc2 (23... b2 $17 24. Nd2 Bc2) 24. Rf1 (24. Rd7 $11 {keeps the balance.}) 24... Bf8 (24... b2 $17 25. Nd2 Bc3 26. Bxc3 Rxc3) 25. Nd2 Bxa3 26. Be4 f5 (26... Bxe4 $17 27. Nxe4 b2) 27. Bd3 $11 {[#] And now Bc4 would win.} e5 $2 {[%mdl 8192]} (27... b2 $1 $15 {keeps the upper hand.}) 28. Bc4+ $18 Kg7 {next ...b2 is good for Black.} 29. Bxb3 e4 30. Bxc2 Rxc2 31. Rb1 Bc5 $2 {[#]} (31... Rc1+ 32. Rxc1 Bxc1) 32. e3 Kf7 33. Rb7+ Ke6 (33... Kg8 {was worth a try.} 34. Rc7 Rc1+ 35. Kg2 Ba3 36. Rxa7 Rc2) 34. Nb3 Kd5 1-0

[Event "KAZ-ch Men 2017"]
[Site "Almaty"]
[Date "2017.04.14"]
[Round "4"]
[White "Kostenko, Petr"]
[Black "Agmanov, Zhandos"]
[Result "1/2-1/2"]
[WhiteElo "2440"]
[BlackElo "2377"]
[Annotator "TA"]
[PlyCount "98"]
[EventDate "2017.??.??"]
[EventType "tourn"]
[EventCountry "KAZ"]
[SourceTitle "playchess.com"]
[Source "ChessBase"]
[SourceQuality "1"]

{[%evp 14,98,0,0,4,-7,0,-7,-9,-18,0,0,8,-4,49,49,45,48,75,58,76,32,37,19,28,40,34,40,52,47,61,18,75,64,60,27,114,37,40,45,52,52,44,0,8,0,0,0,0,-7,101,22,38,14,14,8,8,8,10,-35,-41,-42,-38,-148,-150,-158,-138,-163,-157,-158,-159,-168,-152,-301,-284,-269,-217,-113,-230,-438,684,672,6536,6099,29995,0,0]} 1. e4 e6 2. d4 d5 3. Nc3 {[%cal Bb1c3,Bc3e2,Be2f4][%mdl 32]} Nf6 4. e5 Nfd7 5. Nce2 c5 6. c3 Nc6 7. Nf3 Be7 8. g3 {LiveBook: 4 Games} b5 {C11: French: Classical System: 4 e5 and 4 Bg5 dxe4} (8... O-O 9. Bh3 b5 10. O-O b4 11. Nf4 Nb6 12. Kg2 bxc3 13. bxc3 Nc4 14. Qa4 Qb6 15. dxc5 Qa6 16. Qxa6 Bxa6 {½-½ (114) Ponomariov,R (2764)-Ni,H (2662) Khanty-Mansiysk 2011}) 9. a3 $146 (9. Be3 b4 10. Qa4 Qb6 11. cxb4 cxd4 12. Nexd4 Qxb4+ 13. Qxb4 Bxb4+ 14. Kd1 Nxd4 15. Nxd4 Nxe5 16. Nb5 {0-1 (36) Tran,L (2028)-Nguyen,T (2347) Ho Chi Minh City 2017}) 9... a5 10. Nf4 Ba6 11. h4 cxd4 12. cxd4 b4 13. a4 b3 ({Black should play} 13... Qb6 $11) 14. Bxa6 $14 Rxa6 15. Qxb3 Rb6 16. Qd1 Rb4 17. Nd3 (17. O-O $5 {seems wilder.} O-O 18. Nd3 Rb7 19. Be3 Qb8 20. Qe2) 17... Nxd4 18. Nxb4 Nxf3+ 19. Qxf3 Bxb4+ 20. Kf1 Nxe5 21. Qe2 Nd7 22. Bg5 Qb6 (22... Qa8 $11 {remains equal.}) 23. Kg2 $1 $16 O-O 24. Rhc1 e5 (24... h6 $11 25. Bd2 Bxd2 26. Qxd2 Ne5) 25. Qb5 (25. Bd2 $1 $16) 25... Qxb5 $1 $14 26. axb5 f6 27. Rc7 Nb6 28. Bc1 {Strongly threatening b3.} Rb8 29. h5 {Threatens to win with h6.} h6 $1 30. b3 {Ba3 is the strong threat.} d4 31. Ba3 Bc3 (31... Nd5 $1 $11 {keeps the balance.} 32. Bxb4 Nxc7) 32. Rd1 (32. Rc1 $16) 32... Nd5 $11 33. Rc5 Nb4 34. g4 Nc2 $132 {[%mdl 2048] Black is not keeping still (4)} 35. Bc1 Na1 $1 36. Rd5 Nxb3 37. Ba3 a4 38. b6 ({Better is} 38. f3 $15) 38... Rxb6 $17 39. Rd8+ Kh7 40. Ra8 Na5 $1 41. Bf8 Rb7 $1 42. Kf3 Rb3 {And now ...a3 would win.} 43. Ke4 (43. Rd3 $17 {is a better defense.}) 43... a3 $19 {Hoping for ...a2.} 44. Ra7 a2 45. Rxg7+ Kh8 46. Kf5 $2 (46. Ra7 {might work better.}) 46... Rb7 $4 {[%mdl 8192] [#]} (46... Rb1 47. Kg6 $3 {[%mdl 512]} Rb6 48. Be7 $18) (46... Bb4 $19 47. Ra7 Bxf8 48. Rxa5 Rb1 49. Rxd4 exd4 50. Rxa2 d3) 47. Kg6 $1 $18 {White wants to mate with Rxb7.} a1=Q 48. Rxa1 {Rxb7 would kill now.} Bxa1 49. Be7 $2 (49. Rxb7 {mates} Nxb7 50. Bxh6 Nd8 51. Bg7+ Kg8 52. h6 (52. Bxf6 $2 Ne6 53. Be7 Bc3 $19) 52... Nf7 53. h7# (53. Bxf6 $2 Nh8+ 54. Kf5 d3 $19)) 49... Nc6 $1 ({Don't take} 49... f5 $2 50. gxf5 Nc6 51. f6 $18) 1/2-1/2

[Event "KAZ-ch Men 2017"]
[Site "Almaty"]
[Date "2017.04.14"]
[Round "4"]
[White "Makhnyov, Denis"]
[Black "Ismagambetov, Anuar"]
[Result "1/2-1/2"]
[WhiteElo "2379"]
[BlackElo "2545"]
[Annotator "TA"]
[PlyCount "71"]
[EventDate "2017.??.??"]
[EventType "tourn"]
[EventCountry "KAZ"]
[SourceTitle "playchess.com"]
[Source "ChessBase"]
[SourceQuality "1"]

{[%evp 12,71,16,18,35,3,31,10,34,24,33,29,28,4,8,0,15,0,28,3,41,39,61,30,72,61,56,67,59,22,80,32,14,0,69,36,42,43,64,63,45,48,85,103,95,60,63,66,74,8,8,8,8,8,8,11,14,15,20,12,12,10]} 1. d4 Nf6 2. Nf3 g6 3. Nbd2 d5 4. e3 Bg7 5. b4 O-O {D02: 1 d4 d5 2 Nf3 sidelines, including 2...Nf6 3 g3 and 2...Nf6 3 Bf4} 6. Bb2 a5 (6... Bf5 7. Be2 Nbd7 8. O-O c6 9. a4 Ne4 10. c4 Re8 11. cxd5 cxd5 12. Nxe4 Bxe4 13. Qb3 {1-0 (36) So,W (2808)-Vachier Lagrave,M (2796) chess.com INT 2017}) 7. b5 {LiveBook: 20 Games} c5 8. bxc6 bxc6 9. Be2 a4 10. Rc1 Nbd7 11. c4 Ne4 $146 (11... Ne8 12. O-O Nd6 13. Ba3 {½-½ (119) Antonova,N (1956)-Salim,M (2038) Abu Dhabi 2016}) 12. cxd5 cxd5 13. Nxe4 dxe4 14. Nd2 Bb7 15. O-O Bd5 16. Ba3 Re8 17. Bc4 e6 18. Bb5 e5 19. dxe5 $1 Rxe5 20. Bd6 {[#] Strongly threatening Bxd7.} Re6 (20... Rh5 $11 {remains equal.}) 21. Nc4 Nf6 {White must now prevent ...Bxc4.} 22. Bg3 (22. Bc5 $5 {seems wilder.} Qb8 23. Bxa4 Qc7 24. Nd2 Ng4 25. g3) 22... Nh5 ({Black should play} 22... Bc6 $11 23. Na3 Qxd1 24. Rfxd1 Bxb5 25. Nxb5 Rb6) 23. Bxa4 Nxg3 24. hxg3 Qg5 25. Bd7 Rea6 26. Bb5 Rf6 27. a4 h5 {[%cal Bh7h5,Bh5h4][%mdl 32]} 28. Rc2 Kh7 29. Rd2 Rd8 $1 30. a5 (30. Qe2 $16) 30... Rf5 $11 {The position is equal.} 31. Qe2 h4 32. g4 Bxc4 $1 33. Bxc4 Rxd2 34. Qxd2 Rxa5 35. Bxf7 Qxg4 {[#] Threatens to win with ...Rg5.} 36. Be6 (36. Qxa5 h3 37. Qg5 Qxg5 $19) 1/2-1/2

[Event "KAZ-ch Men 2017"]
[Site "Almaty"]
[Date "2017.04.14"]
[Round "4"]
[White "Nugumanov, Bakhtiyar"]
[Black "Kuderinov, Kirill"]
[Result "1/2-1/2"]
[WhiteElo "2350"]
[BlackElo "2482"]
[Annotator "TA"]
[PlyCount "84"]
[EventDate "2017.??.??"]
[EventType "tourn"]
[EventCountry "KAZ"]
[SourceTitle "playchess.com"]
[Source "ChessBase"]
[SourceQuality "1"]

{[%evp 11,84,0,0,-39,-29,-33,-27,-38,-35,-9,-30,-33,-29,-74,-14,-55,9,0,0,-11,-11,-11,-11,-13,-10,-9,-9,-4,0,0,0,0,0,0,0,0,0,0,0,0,0,0,0,0,0,0,0,-14,0,0,0,-4,0,0,0,-28,-20,-34,0,-30,0,0,0,0,21,0,0,-10,0,0,0,-14,0,0,0]} 1. d4 Nf6 2. Nc3 d5 3. Bg5 Nbd7 4. Qd3 g6 5. e4 {D01: Veresov Opening} dxe4 6. Nxe4 Bg7 {LiveBook: 13 Games} 7. O-O-O Nxe4 8. Qxe4 Nf6 9. Bxf6 Bxf6 10. Nf3 O-O 11. Bc4 Bf5 $146 (11... c5 12. dxc5 Qa5 13. g4 Qxc5 14. h4 b5 15. Bb3 {1-0 (40) Drazic,S (2480)-Nestorovic,N (2424) Zlatibor 2007}) 12. Qxb7 {[#]} Qd6 ({Better is} 12... c5 $1 $17) 13. Rhe1 Rab8 ({Black should try} 13... c5 $15) 14. Qd5 Qf4+ 15. Re3 {[#]} c5 $1 {[%mdl 512] Strongly threatening ...e6.} 16. g3 ({Don't go for} 16. Qxc5 $2 Rfc8 17. g3 (17. Qd5 $2 e6 18. Qa5 Rxc4 $19) 17... Rxc5 18. gxf4 Rxc4 $19) (16. dxc5 $2 Bxb2+ 17. Kd2 Rfd8 18. Qxd8+ Rxd8+ $19) (16. dxc5 Bxb2+) 16... Qc7 {Threatens to win with ...Rxb2!} 17. Qxc5 Qxc5 18. dxc5 {c3 is the strong threat.} Bxb2+ ({Wrong is} 18... Rxb2 $2 19. Bb3 $18) 19. Kd2 Bf6 20. Ne5 Rbc8 21. c6 Bxe5 22. Rxe5 Rxc6 23. Bb3 Bg4 24. Rde1 Rd8+ 25. Kc1 e6 26. Ra5 Rc7 27. Ra4 h5 28. h4 Kg7 29. Rf4 Bf5 30. Re2 Rcd7 31. Kb2 Rd1 32. Kc3 R8d7 33. Kb4 Kf6 34. c4 Rc1 35. Kc5 e5 36. Rf3 {The position is equal.} Rc7+ 37. Kb4 Re7 38. Rd2 Rb7+ 39. Ka5 Rc7 40. Kb4 Rb7+ 41. Ka5 Rc7 42. Kb4 Rb7+ 1/2-1/2

[Event "KAZ-ch Men 2017"]
[Site "Almaty"]
[Date "2017.04.14"]
[Round "4"]
[White "Akhmetov, Ayan"]
[Black "Utegaliyev, Azamat"]
[Result "0-1"]
[WhiteElo "2311"]
[BlackElo "2516"]
[Annotator "TA"]
[PlyCount "86"]
[EventDate "2017.??.??"]
[EventType "tourn"]
[EventCountry "KAZ"]
[SourceTitle "playchess.com"]
[Source "ChessBase"]
[SourceQuality "1"]

{[%evp 14,86,24,19,18,14,12,0,22,9,21,-4,0,0,26,11,26,0,0,-20,-24,-19,-18,-25,-25,-57,-54,-66,-57,-76,-71,-133,-127,-110,-110,-113,-128,-88,-79,-82,-83,-81,-88,-83,-81,-74,-80,-113,-113,-113,-113,-110,-109,-110,-100,-146,-156,-215,-195,-194,-195,-335,-334,-311,-319,-501,-524,-570,-547,-601,-588,-5157,-5081,-2720,-2234]} 1. e4 e5 2. Nc3 Nf6 3. g3 d5 4. exd5 Nxd5 5. Bg2 Nf6 {C26: Vienna Game: 2...Nf6, sidelines} (5... Nxc3 6. bxc3 Nc6 7. Nf3 Bc5 8. O-O O-O 9. d3 Bg4 10. h3 Bh5 11. Rb1 Bb6 12. g4 Bg6 13. Bg5 f6 14. Be3 e4 15. Nh4 exd3 16. Nxg6 hxg6 17. cxd3 Qd7 18. d4 {½-½ (84) Mamedov,R (2688)-Jakovenko,D (2704) Doha 2016}) 6. Nf3 Nc6 7. O-O Bc5 8. d3 {LiveBook: 12 Games} h6 9. Re1 O-O $1 10. Be3 Bd6 $146 (10... Bd4 11. h3 Bf5 12. Qd2 Qd7 13. Kh2 Rfe8 14. Re2 {0-1 (45) Sudakova,I (2352)-Goganov,A (2598) St Petersburg 2015}) 11. h3 Re8 12. Nd2 Bb4 13. a3 Bf8 14. b4 a6 15. Kh2 Be6 16. Nde4 Nxe4 17. dxe4 a5 18. b5 Nd4 19. Qd3 c6 20. bxc6 bxc6 21. f4 Rb8 22. f5 {[#]} (22. fxe5 $142 Nb5 23. Nxb5 cxb5 24. Bd4) 22... Bb3 $1 $17 {[%mdl 512]} 23. Bxd4 (23. cxb3 $2 Nf3+ $1 {[%mdl 512]} 24. Bxf3 Qxd3 $19) 23... Qxd4 24. Qxd4 exd4 25. Ne2 Ba4 26. Nxd4 c5 {[%cal Bc6c5,Bc5c4,Bc4c3,Bc3d2][%mdl 32]} 27. Nb3 Bxb3 28. cxb3 Rxb3 29. e5 c4 30. e6 fxe6 31. Bc6 Rd8 {Hoping for ...Rd2+.} 32. fxe6 Rd2+ (32... Bxa3 $2 33. Rxa3 $1 {[%mdl 512]} (33. e7 Rb2+ 34. Kh1 Bxe7 35. Rxe7 c3 $16) 33... Rxa3 34. e7 $18) 33. Kh1 Be7 (33... Bxa3 $2 34. Rxa3 $1 {[%mdl 512]} Rb8 35. e7 $18) (33... Rxg3 $6 34. e7 Rxh3+ 35. Kg1 Bxe7 36. Rxe7 $11) 34. Rad1 c3 {And now ...Rxd1 would win.} 35. Be4 (35. Rc1 $17) 35... Rbb2 $19 {( -> ...Rh2+)} 36. Rxd2 cxd2 {[%cal Rd2e1][%mdl 4096] Endgame KRB-KRB} 37. Rd1 (37. Ra1 {is a better defense.}) 37... Bxa3 38. Kg2 Bb4 39. Kf3 (39. Bc6 {was called for.}) 39... a4 {[%cal Ba5a4,Ba4a3][%mdl 32] Black is clearly winning.} 40. Ke2 {[#]} a3 $1 41. e7 Kf7 ({Less strong is} 41... Bxe7 42. Rxd2 Rb8 43. Bd5+ Kf8 44. Kd3 $17) 42. Rb1 Rxb1 ({Not} 42... Bxe7 43. Rxb2 axb2 44. Kxd2 $17) 43. Bxb1 Kxe7 ({Weaker is} 43... Bxe7 44. Kxd2 Bd6 45. g4 $17) 0-1

[Event "KAZ-ch Men 2017"]
[Site "Almaty"]
[Date "2017.04.15"]
[Round "5"]
[White "Kazhgaleyev, Murtas"]
[Black "Jumabayev, Rinat"]
[Result "1/2-1/2"]
[WhiteElo "2594"]
[BlackElo "2614"]
[Annotator "TA"]
[PlyCount "112"]
[EventDate "2017.??.??"]
[EventType "tourn"]
[EventCountry "KAZ"]
[SourceTitle "playchess.com"]
[Source "ChessBase"]
[SourceQuality "1"]

{[%evp 13,112,0,2,2,0,6,4,2,6,14,22,-14,20,0,15,-12,4,-24,-15,-18,-14,-18,-19,-20,-8,-30,-22,-100,-94,-98,-98,-95,-98,-102,-78,-85,-91,-128,-102,-102,-102,-102,-102,-102,-102,-137,-147,-114,-118,-129,-94,-161,-143,-164,-74,-75,-73,-76,-70,-75,-67,-72,-70,-130,-130,-130,-130,-153,-153,-197,-197,-261,-197,-1000,-1003,-1003,-1000,-1002,-1000,-856,-856,-856,-261,-261,-261,-261,-314,-318,-8,-441,-441,-441,-441,-441,-441,-442,-8,-8,-8,-8,-8]} 1. d4 Nf6 2. g3 d5 3. Bg2 g6 4. Nf3 Bg7 5. O-O O-O 6. Bf4 c6 7. Qc1 Re8 8. c4 {D02: 1 d4 d5 2 Nf3 sidelines, including 2...Nf6 3 g3 and 2...Nf6 3 Bf4} Bf5 9. Rd1 Nbd7 10. Ne5 (10. b3 Rc8 11. Nc3 dxc4 12. bxc4 c5 13. Qa3 Qb6 14. Rac1 e6 15. dxc5 Qxc5 16. Qxc5 Nxc5 {0-1 (31) D'Amore,C (2492)-Libiszewski,F (2543) Forni di Sopra 2014}) 10... Rc8 11. Nc3 Be6 $146 (11... Nb6 12. b3 Nh5 13. Bh6 Nf6 14. Bxg7 Kxg7 {1-0 (35) Eidelson,R (2360)-Monterroso Ochoa,K Istanbul 2000}) 12. b3 Qa5 13. Rb1 Qa6 {[%cal Rd5c4]} (13... Bf5 $5 {feels hotter.} 14. b4 Qa6 15. Rb3 Nxe5 16. Bxe5 dxc4 17. Ra3 Qb6) 14. e4 {[%cal Re4d5]} (14. Qb2 $5 {looks sharper.} dxc4 15. bxc4 Nxe5 16. Bxe5 Bxc4 17. Qxb7 Nd5 18. Nxd5 cxd5 19. Bxd5 Bxe2 20. Re1) 14... Nxe5 15. dxe5 (15. exd5 Nd3 $1 {[%mdl 512]} 16. Rxd3 cxd5 $17) 15... Nxe4 16. Nxe4 dxe4 17. Bxe4 Qxa2 18. Qc3 {aiming for Ra1.} Qa3 19. Be3 {Hoping for Ra1.} a5 $1 20. Bb6 (20. f4 $11 {keeps the balance.}) 20... Qb4 $1 $17 {[%cal Rb4c3]} 21. Qxb4 axb4 22. f4 f6 23. Re1 fxe5 24. fxe5 Ra8 25. Rbd1 Ra6 26. Bc5 Bg4 ({Reject} 26... Bxe5 $6 27. Bxg6 $1 {[%mdl 512]} (27. Bxb4 Bg4 28. Rd3 Bf6 $17) 27... hxg6 28. Rxe5 $11) 27. Rd3 Ra5 $1 {[%cal Ra5c5]} ({But not} 27... Bxe5 $6 28. Bxg6 $1 {[%mdl 512]} (28. Bxb4 Bf6 29. Bc5 Rea8 $17) 28... hxg6 29. Rxe5 $11) 28. Bxb4 Rxe5 29. Bf3 Rxe1+ 30. Bxe1 Bf5 31. Rd1 Ra8 32. b4 (32. Bb4 $17) 32... Ra3 33. Bg2 Ra1 (33... Bg4 $19 {and Black stays clearly on top.} 34. Rd8+ Kf7) 34. Rxa1 Bxa1 {[%mdl 4096] Endgame KBB-KBB} 35. Bf2 Kf7 36. b5 Bd7 37. Bc5 e5 {[%cal Be7e5,Be5e4][%mdl 32]} (37... cxb5 $5 {seems wilder.} 38. cxb5 Bxb5 39. Bxb7 Kf6 40. Kf2 Bd7) 38. bxc6 ({White should play} 38. Kf2 $15) 38... Bxc6 39. Bxc6 bxc6 $15 {KB-KB} 40. Kf1 Ke6 41. g4 Bd4 42. Bf8 (42. Bb4 $142) 42... e4 $1 $19 43. h3 $2 (43. Kg2) 43... Bb6 44. Bg7 {[#]} Kd6 $1 {[%cal Rd6c5]} 45. Ke2 {[#]} Kc5 $1 {[%cal Rc5c4]} 46. Ke3 Kxc4+ 47. Kxe4 Bf2 $2 (47... c5 48. Bf6 Kb3) 48. Bf6 c5 49. h4 Kb3 50. h5 c4 $2 (50... gxh5 $19 51. gxh5 c4) 51. Kd5 $2 {[%mdl 8192]} (51. hxg6 $11 {and White is okay.} hxg6 52. Kf4) 51... gxh5 52. gxh5 Be1 53. h6 Bd2 54. Bg7 {intending Ke6.} Be3 $2 ({Black should try} 54... c3 $19 {Strongly threatening ...c2.} 55. Bxc3 Bxc3) 55. Ke6 $1 $11 c3 {[#]} (55... Kc2 $5) 56. Bxc3 $1 {[%mdl 512]} Kxc3 1/2-1/2